[Event "Kaupthing op-B 1st"]
[Site "Differdange"]
[Date "2007.07.13"]
[Round "8"]
[White "Poscic, Mark"]
[Black "Jagiello, Robert"]
[Result "1-0"]
[WhiteElo "1592"]
[BlackElo "1292"]
[PlyCount "103"]
[EventDate "2007.07.08"]
[EventType "swiss"]
[EventRounds "9"]
[EventCountry "LUX"]
[SourceTitle "EXT 2008"]
[Source "ChessBase"]
[SourceDate "2007.11.25"]
[SourceVersion "1"]
[SourceVersionDate "2007.11.25"]
[SourceQuality "1"]

1. e4 e5 2. f4 exf4 3. Nf3 g5 4. d4 Nf6 5. Nxg5 h6 6. Nf3 Nxe4 7. Nbd2 d5 8. Nxe4 dxe4 9. Qe2 Qe7 10. Ne5 Qh4+ 11. Kd2 e3+ 12. Kd1 Nd7 13. Nf3 Qf6 14. g3 fxg3 15. Bxe3 Qe7 16. hxg3 Nf6 17. Bf4 Qxe2+ 18. Bxe2 Nd5 19. Bc4 Nxf4 20. gxf4 Bg4 21. Be2 0-0-0 22. c3 c5 23. Ne5 Bxe2+ 24. Kxe2 Re8 25. Kf3 Rh7 26. Ng4 cxd4 27. cxd4 Bg7 28. Rac1+ Kd7 29. Ne5+ Bxe5 30. dxe5 Ke6 31. Rhd1 f5 32. Rd6+ Kf7 33. Rc7+ Re7 34. Rf6+ Ke8 35. Rxe7+ Kxe7 36. Rxf5 Ke6 37. Rh5 Kd5 38. b3 b6 39. Ke3 Rh8 40. Rh2 h5 41. Rd2+ Ke6 42. Ke4 Rf8 43. Rd6+ Ke7 44. Rh6 Rc8 45. Rxh5 Rc2 46. Rh7+ Kf8 47. Rxa7 Re2+ 48. Kf5 Rh2 49. Ra6 Rh5+ 50. Kg6 Rh4 51. Rxb6 Rxf4 52. Rf6+ 1-0

[Event "Kaupthing op-B 1st"]
[Site "Differdange"]
[Date "2007.07.08"]
[Round "1"]
[White "Jagiello, Robert"]
[Black "Ludewig, Robert"]
[Result "0-1"]
[WhiteElo "1292"]
[BlackElo "1910"]
[PlyCount "72"]
[EventDate "2007.07.08"]
[EventType "swiss"]
[EventRounds "9"]
[EventCountry "LUX"]
[SourceTitle "EXT 2008"]
[Source "ChessBase"]
[SourceDate "2007.11.25"]
[SourceVersion "1"]
[SourceVersionDate "2007.11.25"]
[SourceQuality "1"]

1. e4 e5 2. Nf3 Nc6 3. Bc4 Bc5 4. c3 Qe7 5. 0-0 d6 6. d4 Bb6 7. Bg5 Nf6 8. Re1 Bg4 9. d5 Nb8 10. Nbd2 Nbd7 11. Qe2 h6 12. Bxf6 Nxf6 13. h3 Bd7 14. a4 a6 15. a5 Ba7 16. Nf1 Nh5 17. N3h2 Nf4 18. Qf3 0-0 19. Ne3 Qg5 20. Qg3 Qxg3 21. fxg3 f5 22. Kf1 Nh5 23. exf5 Nxg3+ 24. Kf2 Nxf5 25. Nf3 Bxe3+ 26. Rxe3 Nxe3 27. Kxe3 g5 28. g4 Rf4 29. Bd3 c6 30. c4 cxd5 31. cxd5 Rc8 32. Rf1 e4 33. Bxe4 Re8 34. Nd2 Rexe4+ 35. Nxe4 Rxf1 36. Nf6+ Rxf6 0-1